I colori primari - Statistics

Statistiche generali
  • Questo quiz è stato fatto 43 volte
  • Il punteggio medio è 8 su 9
Statistiche sulle risposte
Risposta % Corretto
Blu
100%
Blu
100%
Giallo
100%
Giallo
100%
Rosso
100%
Rosso
100%
Verde
79%
Ciano
47%
Magenta
47%
Nessun quiz corrispondente trovato
Distribuzione punteggi
Percentuale di utenti per punteggio
Percentile per numero di risposta
I tuoi punteggi nel tempo
Non hai fatto questo quiz